Microsoft office exel 2007 plain & simple. (Record no. 122)

MARC details
000 -LEADER
fixed length control field 00535cam a2200193ua 4500
008 - FIXED-LENGTH DATA ELEMENTS--GENERAL INFORMATION
fixed length control field 110321n ii |||gr||||Z||||||eng
020 ## - INTERNATIONAL STANDARD BOOK NUMBER
International Standard Book Number 978-81-203-3187-7
040 ## - CATALOGING SOURCE
Transcribing agency MAIN
082 ## - DEWEY DECIMAL CLASSIFICATION NUMBER
Classification number 005.4
245 ## - TITLE STATEMENT
Title Microsoft office exel 2007 plain & simple.
Statement of responsibility, etc. By Curtis Frye.
250 ## - EDITION STATEMENT
Edition statement 1st.
260 ## - PUBLICATION, DISTRIBUTION, ETC.
Place of publication, distribution, etc. New Delhi.:
Name of publisher, distributor, etc. Prentice hall of India.,
Date of publication, distribution, etc. 2007.
300 ## - PHYSICAL DESCRIPTION
Extent xi, 270 p.:
Other physical details ill;5 cm.
700 1# - ADDED ENTRY--PERSONAL NAME
Personal name Frye, Curtis.,
942 ## - ADDED ENTRY ELEMENTS (KOHA)
Koha item type Books
653 ## - INDEX TERM--UNCONTROLLED
Uncontrolled term Computer science
653 ## - INDEX TERM--UNCONTROLLED
Uncontrolled term Microsoft office excel 2007 plain & simple.
Holdings
Withdrawn status Lost status Damaged status Not for loan Home library Current library Shelving location Date acquired Total Checkouts Full call number Barcode Date last seen Date last checked out Copy number Price effective from Koha item type
        Central Library, Naharkatiya College Central Library, Naharkatiya College General Stacks 19/09/2020 1 005.4 | FRY 19556 27/08/2025 04/12/2023 1 19/09/2020 Books

Naharkatiya College © 2020. All rights reserved.

Powered By